000
00185nam a2200073Ia 4500
008
170523s9999 xx 000 0 und d
100
_a
Inmon- William H.
245
0
_a
Building the Data Warehouse
260
_a
Wiley India
999
_c
12175
_d
12175